Ballon d'Or 2024: Die 30er-Liste bei den Frauen - Statistiken

Allgemein
  • Dieses Quiz wurde 76 mal gespielt
  • Das Durchschnittsergebnis liegt bei 9 aus 30
Antwortstatistiken
Verein Nation Spielerin % Korrekt
FC Barcelona Spanien Aitana Bonmati
90%
FC Barcelona Spanien Alexia Putellas
79%
Bayern München Deutschland Lea Schüller
60%
VfL Wolfsburg Polen Ewa Pajor
54%
Bayern München Deutschland Giulia Gwinn
53%
FC Barcelona Norwegen Caroline Graham Hansen
47%
FC Chelsea England Lucy Bronze
47%
Olympique Lyon Norwegen Ada Hegerberg
46%
FC Chelsea Deutschland Sjoeke Nüsken
44%
Portland Thorns USA Sophia Smith
44%
Manchester City Jamaika Khadija Shaw
35%
Bayern München Island Glodis Viggosdottir
31%
Manchester City England Lauren Hemp
31%
Washington Spirit USA Trinity Rodman
31%
Olympique Lyon USA Lindsey Horan
29%
FC Chelsea England Lauren James
28%
Paris St. Germain Frankreich Marie-Antoinette Katoto
26%
FC Barcelona Spanien Patricia Guijarro
22%
Orlando Pride Sambia Barbara Banda
21%
Chicago Red Stars USA Mallory Swanson
21%
FC Barcelona Spanien Salma Paralluelo
19%
FC Barcelona Spanien Mariona Caldentey
15%
Paris St. Germain Frankreich Grace Geyoro
12%
Olympique Lyon Malawi Tabitha Chawinga
12%
Manchester City Japan Yui Hasegawa
10%
FC Chelsea USA Mayra Ramirez
9%
Chicago Red Stars USA Alyssa Naeher
6%
AS Rom Italien Manuela Giugliano
6%
Corinthians Brasilien Gabi Portilho
4%
Houston Dash Brasilien Tarciane
4%
Keine übereinstimmenden Quizze gefunden
Verteilung der Resultate
Anzahl Personen mit jedem Resultat
Perzentil nach korrekt beantworteten Fragen
Ihre Resultats-Entwicklung
Sie haben dieses Quiz noch nicht gespielt